000 00576nam a2200181Ia 4500
008 240729s9999 xx 000 0 und d
022 _a2371-4298
245 0 _aJournal of Community Safety and Well-Being
260 _aCanada
260 _bSG Publishing
650 _a Communities. Classes. Races
650 _a Human settlements. Communities | Social Sciences
650 _a Social pathology. Social and public welfare. Criminology
650 _aSocial Sciences
856 _uhttps://doaj.org/toc/5dd5283d1ff64e8f93f7a48479d247b0
942 _2ddc
942 _cDOAJEJ
999 _c73469
_d73469
945 _a1
_bMadushi Gamage
_c1
_dMadushi Gamage